| 000 | 00657nam a2200229Ia 4500 | ||
|---|---|---|---|
| 003 | OSt | ||
| 005 | 20230620091221.0 | ||
| 008 | 210423s2012 xx 000 0 und d | ||
| 020 | _a978-93-5097-416-2 | ||
| 040 | _cAL | ||
| 041 | _aeng | ||
| 082 | _a541.39 CHAR | ||
| 100 |
_aCHATWAL (G R) _9106112 |
||
| 245 |
_aReaction mechanism and reagents in organic chemistry _cARORA (M) |
||
| 260 |
_aNew Delhi _bHimalaya Publishing House _c2012 |
||
| 300 |
_a17.104 _bHB |
||
| 365 |
_b1500 _cINR |
||
| 650 |
_aChemistry _9106113 |
||
| 650 |
_aPhysical Chemistry _9106114 |
||
| 906 | _achemistry ; mechanism ; organic ; Reaction ; reagents | ||
| 942 |
_2ddc _cBK |
||
| 999 |
_c166494 _d166494 |
||